Normal view MARC view

Entry Meeting Name

Number of records used in: 1

001 - CONTROL NUMBER

  • control field: 5264

003 - CONTROL NUMBER IDENTIFIER

  • control field: OSt

005 - DATE AND TIME OF LATEST TRANSACTION

  • control field: 20211105132634.0

008 - FIXED-LENGTH DATA ELEMENTS

  • fixed length control field: 211105|| aca||aabn | a|a d

040 ## - CATALOGING SOURCE

  • Original cataloging agency: OSt
  • Transcribing agency: OSt

111 ## - HEADING--MEETING NAME

  • Meeting name or jurisdiction name as entry element: symposium on meteorological results of the international Indian ocean expedition
  • Location of meeting: Bombay
  • Date of meeting or treaty signing: 1965 July 22-26

670 ## - SOURCE DATA FOUND

  • Source citation: Work cat.: (OSt): World Meteorological Organisation, Proceedings of the symposium on meteorological results of the international Indian ocean expedition, 1965

Powered by Koha